000
00218 a2200109 4500
020
_a
9780590674454
041
_a
eng
100
_a
Ellen Levine
245
_a
If You Lived With The Iroquois
942
_c
BK
952
_7
1
999
_c
23644
_d
23644